A Szegedi Konzervgyár gyümölcsös-"kertjében"

Elmentve itt :
Bibliográfiai részletek
Szerző: Bokor Rózsa
Dokumentumtípus: Cikk
Megjelent: 1964-08-15
Sorozat:Délmagyarország 54 No. 191
Kulcsszavak:Gyümölcsfeldolgozás konzervgyár Szeged 1964, konzervgyár
Online Access:http://dmarchiv.bibl.u-szeged.hu/65800
LEADER 00512nab a2200157 i 4500
001 delm65800
005 20180927151335.0
008 180927s1964 hu o 0|| hun d
040 |a SZTE Délmagyarország Archívum  |b hun 
041 |a hun 
100 1 |a Bokor Rózsa 
245 1 2 |a A Szegedi Konzervgyár gyümölcsös-"kertjében"  |h [elektronikus dokumentum] /  |c  Bokor Rózsa 
260 |c 1964-08-15 
300 |a 4 
490 0 |a Délmagyarország  |v 54 No. 191 
695 |a Gyümölcsfeldolgozás konzervgyár Szeged 1964, konzervgyár